000 00537nam a22001937a 4500
003 KOHA_MİRAKIL
005 20250417133805.0
008 250417b tu ||||| |||| 00| 0 tur d
020 _a9786058301962
040 _aTR-AnABB
_btur
_cTR-AnABB
041 _atur
082 _a813.42
_bTAS 2016
100 1 _aTaşkesen, Nurettin,
245 1 0 _aEsaret 1916 /
_cNurettin Taşkesen /
260 _aİstanbul :
_bMihramad Yayınları,
_c2016
300 _a235 sayfa ;
_c21 cm
650 0 4 _aTürk edebiyatı, roman
942 _2ddc
_cBK
999 _c8742
_d8742
900 _bGizem YORULMAZ